| 000 | 00611nam a2200229Ia 4500 | ||
|---|---|---|---|
| 003 | OSt | ||
| 005 | 20140410110359.0 | ||
| 008 | 140130s9999 xx 000 0 und d | ||
| 020 | _a9780439184748 | ||
| 050 |
_aPZ 7 _b.P915j12 2000 |
||
| 100 | _aPreller, James. | ||
| 245 |
_cJames Preller. _aThe case of the class clown / |
||
| 260 |
_bScholastic Inc., _cc2000. _aUSA : |
||
| 300 |
_a73 p. : _bill. ; _c23 cm. |
||
| 440 | _v1 | ||
| 526 | _c280 | ||
| 650 | _aDetective and mystery stories. | ||
| 650 |
_aPractical jokes _xFiction. |
||
| 650 |
_aSchools _xFiction. |
||
| 942 |
_cBK _2lcc |
||
| 999 |
_c42142 _d42142 |
||